| 000 | 00947nam a2200229 i 4500 | ||
|---|---|---|---|
| 001 | 7909 | ||
| 003 | ES-MaACL | ||
| 005 | 20240519063019.0 | ||
| 007 | t| | ||
| 008 | 910607m1985 sp a |||| | spa d | ||
| 020 | _a84-239-5290-8 | ||
| 080 | _a726.75(46) | ||
| 100 | 0 |
_aNavascués Palacio, Pedro, _d1942-2022 _985218 |
|
| 245 | 1 | 0 |
_aMonasterios de España / _cPedro Navascués Palacio, [Wifredo Rincón García]. |
| 260 |
_aMadrid : _bEspasa-Calpe, _c1985-1992. |
||
| 300 |
_a3 v. : _bprincipalmente il. ; _c31 cm. |
||
| 505 | 8 |
_aContiene: I ; _tMonasterios de España / _rPedro Navascués Palacio.- 2ª ed.- 1985 - II. -- _tMonasterios de España II / _rWifredo Rincón García.- 1991- III. -- _tMonasterios de España III / _rWifredo Rincón García.- 1992 |
|
| 650 | 4 |
_aMonasterios- _zEspaña. _915151 |
|
| 700 | 1 |
_aRincón García, Wifredo. _997269 |
|
| 852 |
_aES-MaACL _jP-1937 _z- Enc. guaflex |
||
| 999 |
_c7909 _d7909 |
||